[Event "IND-ch Women 2019"]
[Site "Karaikkudi"]
[Date "2019.07.22"]
[Round "5.21"]
[White "Dhyana Patel"]
[Black "Shriya R Revankar"]
[Result "1/2-1/2"]
[WhiteElo "1900"]
[BlackElo "1627"]
[Annotator "NA RC"]
[PlyCount "73"]
[EventDate "2019.07.19"]
[EventType "swiss"]
[EventCountry "IND"]
[SourceTitle "playchess.com"]
[Source "ChessBase"]
[SourceQuality "1"]
[TimeControl "40/5400+30:1800+30"]

{[%evp 8,51,40,18,29,29,32767,32767,32767,32767,32767,32767,34,0,20,-17,-14,-14,32767,32767,-59,-48,-53,-66,-51,-81,-103,-99,-59,-64,-72,-93,32767,32767,32767,32767,-60,-78,32767,-67,0,-73,0,-281,-265,-335]} 1. e4 {[%emt 0:00:00]} c5 {[%emt 0:00:00]} 2. Nf3 {[%emt 0:00:00]} Nc6 {[%emt 0:00:00]} 3. Bb5 {[%emt 0:00:00]} g6 {[%emt 0:00:00]} 4. Bxc6 {[%emt 0:00:12]} dxc6 {[%emt 0:00:00]} 5. h3 {[%emt 0:00:05]} Bg7 {[%emt 0:00:00]} 6. d3 {[%emt 0:00:23]} e5 {[%emt 0:00:38]} 7. Nbd2 {[%emt 0:02:52] B31: Sicilian: 2...Nc6 3 Bb5 g6} (7. a3 a5 8. Be3 Qe7 9. Nbd2 Nf6 10. Nc4 Nd7 11. a4 b6 12. Qd2 Ba6 13. Bh6 Bxh6 14. Qxh6 Bxc4 15. dxc4 O-O-O 16. O-O-O Nf6 17. Qg5 Rxd1+ 18. Rxd1 Re8 19. Qe3 h5 20. Ng5 Nd7 21. Nf3 {½-½ (21) Quesada Perez,Y (2619)-Cori Tello,J (2657) Saint Louis 2017}) 7... Be6 {[%emt 0:02:56]} 8. O-O {[%emt 0:01:52]} h6 {[%emt 0:00:32]} 9. Qe2 $146 {[%emt 0:08:16]} ({Predecessor:} 9. b3 Ne7 10. Bb2 Qc7 11. a3 O-O 12. b4 cxb4 13. axb4 Rfd8 14. Ra3 Qd6 {1-0 (30) Gasimov,P (2332)-Khvadagiani,N (2003) Malatya 2016}) 9... Ne7 {[%emt 0:02:36]} 10. b3 {[%emt 0:02:59]} Qc7 {[%emt 0:04:48]} 11. Bb2 {[%emt 0:01:09]} g5 {[%emt 0:03:52]} 12. Qe3 {[%emt 0:10:11]} b6 {[%emt 0:01:33]} 13. c3 {[%emt 0:02:07]} Ng6 {[%emt 0:08:46]} 14. d4 {[%emt 0:01:20]} exd4 {[%emt 0:12:54]} 15. cxd4 {[%emt 0:00:08]} Rd8 {[%emt 0:00:26]} 16. Rab1 {[%emt 0:03:53] [#]} Nf4 $1 {[%emt 0:04:35]} 17. e5 $1 {[%emt 0:08:37]} Bf5 {[%emt 0:09:57]} 18. Ne4 {[%emt 0:00:55]} O-O $1 {[%emt 0:02:01]} 19. Rbd1 {[%emt 0:01:31]} cxd4 {[%emt 0:04:15]} 20. Bxd4 {[%emt 0:01:10]} Nd5 {[%emt 0:03:35]} 21. Qe2 {[%emt 0:05:21]} c5 {[%emt 0:06:14]} 22. Bb2 {[%emt 0:00:26]} Nf4 {[%emt 0:01:50]} 23. Qe3 $1 $11 {[%emt 0:02:16] and White has nothing to worry.} Nd5 {[%emt 0:00:55]} ({Black should play} 23... Qc8 $17 24. Ng3 Bd3) 24. Qe2 $1 {[%emt 0:02:54]} Nf4 {[%emt 0:00:26]} ({Better is} 24... Qc8 $15 25. Nd6 Nf4) 25. Qc4 $2 {[%emt 0:01:05]} Qc6 {[%emt 0:04:55]} 26. Nd6 $19 {[%emt 0:05:38]} Bxh3 {[%emt 0:11:26]} 27. Nxf7 {[%emt 0:02:38]} Rxd1 {[%emt 0:00:16]} 28. Nd8+ {[%emt 0:05:59]} Qd5 {[%emt 0:02:11]} 29. Rxd1 {[%emt 0:00:08]} Qxc4 {[%emt 0:00:17]} 30. bxc4 {[%emt 0:00:01]} Bxg2 {[%emt 0:01:55]} 31. Ne1 {[%emt 0:00:15]} Ba8 {[%emt 0:01:41]} 32. Rd7 {[%emt 0:02:41]} Ne2+ {[%emt 0:04:27]} 33. Kf1 {[%emt 0:00:22]} Ng3+ {[%emt 0:00:37]} 34. Kg1 {[%emt 0:00:06]} Ne2+ {[%emt 0:01:33]} 35. Kf1 {[%emt 0:00:06]} Ng3+ {[%emt 0:01:04]} 36. Kg1 {[%emt 0:00:05]} Ne2+ {[%emt 0:04:49]} 37. Kf1 1/2-1/2

[Event "IND-ch Women 2019"]
[Site "Karaikkudi"]
[Date "2019.07.22"]
[Round "6.1"]
[White "Divya Deshmukh"]
[Black "Kulkarni Bhakti"]
[Result "0-1"]
[WhiteElo "2373"]
[BlackElo "2388"]
[Annotator "TA"]
[PlyCount "38"]
[EventDate "2019.07.19"]
[EventType "swiss"]
[EventCountry "IND"]
[SourceTitle "playchess.com"]
[Source "ChessBase"]
[SourceQuality "1"]

{[%evp 13,62,-14,-9,-2,8,-16,8,-16,-16,-52,-43,-78,-84,-115,-117,-136,-137,-139,-105,-120,-135,-220,-196,-229,-241,-272,-269,-256,-268,-289,-255,-293,-309,-333,-336,-331,-272,-279,-272,-947,-947,-957,-957,-957,-957,-964,-963,-29989,-5847,-5831,-5831]} 1. d4 Nf6 2. Bg5 e6 3. e4 h6 4. Bxf6 Qxf6 5. Nc3 d6 6. Nf3 g6 7. Qd2 Bg7 8. Bd3 {A46: 1 d4 Nf6 2 Nf3 e6: Torre, London and Colle Systems} (8. h4 a6 9. O-O-O Nd7 10. e5 Qe7 11. Qf4 d5 12. Qe3 c5 13. Re1 b5 14. h5 g5 15. Nh2 Bb7 {0-1 (37) Djordjevic,V (2432)-Eljanov,P (2757) Novi Sad 2016}) 8... a6 9. a4 $146 ({Predecessor:} 9. e5 Qe7 10. O-O-O d5 11. Ne2 c5 12. Nf4 cxd4 13. Bxg6 fxg6 14. Nxg6 Qf7 15. Nxh8 Bxh8 16. Qxh6 {1-0 (50) Moradiabadi,E (2404)-Antonio,R (2535) Kolkata 2001}) 9... O-O 10. e5 {The position is equal.} Qe7 11. Ne4 Nc6 {[%cal Rd6e5]} 12. Qf4 Nxd4 {aiming for ...dxe5.} 13. exd6 ({Not} 13. Nxd4 $2 dxe5 14. Qg3 exd4 $19) 13... Nxf3+ 14. gxf3 cxd6 15. Qxd6 Qe8 16. Qb4 Bd7 17. a5 (17. Qxb7 $17 {keeps fighting.} Bc6 18. Qb6) 17... Bc6 $19 18. O-O-O Qb8 19. Kb1 Rd8 {Played: Qb8-f4} 0-1

[Event "IND-ch Women 2019"]
[Site "Karaikkudi"]
[Date "2019.07.22"]
[Round "6.2"]
[White "Vantika Agrawal"]
[Black "Vijayalakshmi, Subbaraman"]
[Result "1-0"]
[WhiteElo "2243"]
[BlackElo "2357"]
[Annotator "NA"]
[PlyCount "75"]
[EventDate "2019.07.19"]
[EventType "swiss"]
[EventCountry "IND"]
[SourceTitle "playchess.com"]
[Source "ChessBase"]
[SourceQuality "1"]
[TimeControl "40/5400+30:1800+30"]

1. d4 {[%emt 1:30:30]} Nf6 {[%emt 0:01:38]} 2. c4 {[%emt 0:00:00]} e6 {[%emt 0:00:07]} 3. g3 {[%emt 0:00:00]} d5 {[%emt 0:00:11]} 4. Bg2 {[%emt 0:00:00]} Bb4+ {[%emt 0:00:44]} 5. Nd2 {[%emt 0:00:00]} O-O {[%emt 0:02:31]} 6. Ngf3 {[%emt 0:00:00]} dxc4 {[%emt 0:01:20]} 7. Qc2 {[%emt 0:00:00]} b5 {[%emt 0:00:51]} 8. a4 {[%emt 0:00:00]} bxa4 {[%emt 0:01:01]} 9. O-O {[%emt 0:00:00]} a5 {[%emt 0:02:07]} 10. Nxc4 {[%emt 0:00:00]} Ba6 {[%emt 0:01:37]} 11. Nfe5 $14 {[%emt 0:00:00]} Nd5 {[%emt 0:07:30]} 12. Rxa4 {[%emt 0:00:00]} f6 {[%emt 0:08:48]} 13. Nd3 {[%emt 0:00:00]} Nc6 {[%emt 0:01:50]} 14. e3 {[%emt 0:00:00]} Qe8 {[%emt 0:06:46]} 15. b3 {[%emt 0:00:00]} Be7 {[%emt 0:01:35]} 16. Bd2 {[%emt 0:00:00]} Bb5 {[%emt 0:02:16]} 17. Raa1 {[%emt 0:00:00]} Qg6 {[%emt 0:02:46]} 18. Rfc1 {[%emt 0:00:00]} Ncb4 {[%emt 0:07:00]} 19. Nxb4 {[%emt 0:00:00]} axb4 {[%emt 0:00:34]} 20. e4 {[%emt 0:00:00]} Rxa1 {[%emt 0:04:30]} 21. Rxa1 {[%emt 0:00:00]} c5 {[%emt 0:01:25]} 22. Ra5 {[%emt 0:00:00]} Rb8 {[%emt 0:03:55]} 23. dxc5 {[%emt 0:00:00]} Bxc5 {[%emt 0:02:53]} 24. Ne5 {[%emt 0:00:00]} Bxf2+ {[%emt 0:03:49]} 25. Kxf2 {[%emt 0:00:00]} fxe5 {[%emt 0:00:28]} 26. Rxb5 {[%emt 0:02:51]} Qf7+ {[%emt 0:00:45]} 27. Ke1 {[%emt 0:02:19]} Rxb5 {[%emt 0:03:31]} 28. Qc8+ {[%emt 0:00:11]} Qf8 {[%emt 0:00:05]} 29. Qxe6+ {[%emt 0:00:03]} Kh8 {[%emt 0:01:58]} 30. exd5 {[%emt 0:00:05]} Qb8 {[%emt 0:04:31]} 31. Be4 {[%emt 0:02:48]} Rb6 {[%emt 0:03:48]} 32. Qf5 {[%emt 0:01:01]} Kg8 {[%emt 0:08:20]} 33. Qxh7+ {[%emt 0:00:34]} Kf7 {[%emt 0:00:06]} 34. Qh5+ {[%emt 0:00:57]} Kg8 {[%emt 0:00:27]} 35. Bg6 {[%emt 0:00:32]} Qd6 {[%emt 0:01:39]} 36. Qh7+ {[%emt 0:00:10]} Kf8 {[%emt 0:00:05]} 37. Qh8+ {[%emt 0:00:04]} Ke7 {[%emt 0:00:07]} 38. Bg5+ {[%emt 0:00:03]} 1-0

[Event "IND-ch Women 2019"]
[Site "Karaikkudi"]
[Date "2019.07.22"]
[Round "6.3"]
[White "Soumya, Swaminathan"]
[Black "Sharma Isha"]
[Result "1-0"]
[WhiteElo "2402"]
[BlackElo "2188"]
[Annotator "NA"]
[PlyCount "45"]
[EventDate "2019.07.19"]
[EventType "swiss"]
[EventCountry "IND"]
[SourceTitle "playchess.com"]
[Source "ChessBase"]
[SourceQuality "1"]
[TimeControl "40/5400+30:1800+30"]

1. e4 {[%emt 0:00:00]} d6 {[%emt 0:00:00]} 2. d4 {[%emt 0:00:00]} Nf6 {[%emt 0:00:00]} 3. Nc3 {[%emt 0:00:12]} e5 {[%emt 0:00:00]} 4. Nf3 {[%emt 0:01:28]} Nbd7 {[%emt 0:00:08]} 5. Bc4 {[%emt 0:00:13]} Be7 {[%emt 0:00:04]} 6. O-O {[%emt 0:00:20]} O-O {[%emt 0:00:06]} 7. a4 {[%emt 0:00:07]} c6 {[%emt 0:00:05]} 8. Re1 {[%emt 0:00:15]} a5 {[%emt 0:00:05]} 9. Ba2 {[%emt 0:04:04]} exd4 {[%emt 0:08:30]} 10. Nxd4 {[%emt 0:01:08]} Nb6 {[%emt 0:00:38]} 11. Bf4 {[%emt 0:08:49]} Re8 $14 {[%emt 0:02:27]} 12. Qf3 {[%emt 0:18:28]} Bg4 {[%emt 0:07:39]} 13. Qg3 {[%emt 0:00:57]} Qc8 {[%emt 0:08:10]} 14. h3 {[%emt 0:03:30]} Nh5 {[%emt 0:02:51]} 15. Qe3 {[%emt 0:00:05]} Nxf4 {[%emt 0:00:12]} 16. Bxf7+ {[%emt 0:00:10]} Kxf7 {[%emt 0:01:24]} 17. Qxf4+ {[%emt 0:00:03]} Kg8 {[%emt 0:04:30]} 18. hxg4 {[%emt 0:02:06]} Nc4 {[%emt 0:00:19]} 19. Nf5 {[%emt 0:12:18]} Bf6 {[%emt 0:05:35]} 20. e5 {[%emt 0:08:54]} Nxe5 {[%emt 0:07:14]} 21. Nxd6 {[%emt 0:00:04]} Qd7 {[%emt 0:00:11]} 22. Nxe8 {[%emt 0:00:18]} Rxe8 {[%emt 0:00:06]} 23. g5 {[%emt 0:00:49]} 1-0

[Event "IND-ch Women 2019"]
[Site "Karaikkudi"]
[Date "2019.07.22"]
[Round "6.4"]
[White "Srija, Seshadri"]
[Black "Meenakshi Subbaraman"]
[Result "1/2-1/2"]
[WhiteElo "2306"]
[BlackElo "2163"]
[Annotator "NA"]
[PlyCount "102"]
[EventDate "2019.07.19"]
[EventType "swiss"]
[EventCountry "IND"]
[SourceTitle "playchess.com"]
[Source "ChessBase"]
[SourceQuality "1"]
[TimeControl "40/5400+30:1800+30"]

1. e4 {[%emt 0:00:00]} d5 {[%emt 0:01:38]} 2. exd5 {[%emt 0:00:00]} Qxd5 {[%emt 0:00:03]} 3. Nf3 {[%emt 0:00:01]} Nf6 {[%emt 0:02:08]} 4. d4 {[%emt 0:00:31]} Bg4 {[%emt 0:02:51]} 5. Be2 {[%emt 0:00:27]} c6 {[%emt 0:03:32]} 6. O-O {[%emt 0:01:15]} e6 {[%emt 0:01:38]} 7. c4 {[%emt 0:00:49]} Qa5 {[%emt 0:05:57]} 8. Bf4 {[%emt 0:02:22]} Be7 {[%emt 0:02:29]} 9. h3 {[%emt 0:08:37]} Bh5 {[%emt 0:03:54]} 10. Nbd2 $14 {[%emt 0:00:27]} Nbd7 {[%emt 0:04:02]} 11. a3 {[%emt 0:11:10]} Bxf3 {[%emt 0:14:44]} 12. Nxf3 {[%emt 0:00:39]} Ne4 {[%emt 0:02:50]} 13. Ne5 {[%emt 0:04:35]} Nxe5 {[%emt 0:09:41]} 14. dxe5 {[%emt 0:04:02]} g5 {[%emt 0:10:00]} 15. b4 {[%emt 0:14:46]} Qc7 {[%emt 0:06:41]} 16. Qd4 {[%emt 0:03:40]} gxf4 {[%emt 0:04:04]} 17. Qxe4 {[%emt 0:00:08]} O-O-O {[%emt 0:00:21]} 18. Qxf4 {[%emt 0:03:36]} f6 {[%emt 0:02:15]} 19. Bg4 {[%emt 0:03:52]} Qxe5 {[%emt 0:01:44]} 20. Qxe5 {[%emt 0:00:08]} fxe5 {[%emt 0:00:02]} 21. Bxe6+ {[%emt 0:00:08]} Kc7 {[%emt 0:00:02]} 22. Rae1 {[%emt 0:08:03]} Bf6 {[%emt 0:04:19]} 23. Re4 {[%emt 0:00:54]} Rhe8 {[%emt 0:01:58]} 24. Bf5 {[%emt 0:00:21]} h6 {[%emt 0:00:02]} 25. Rg4 {[%emt 0:02:02]} Rg8 {[%emt 0:00:13]} 26. Rxg8 {[%emt 0:03:47]} Rxg8 {[%emt 0:00:05]} 27. Rd1 {[%emt 0:01:32]} Rd8 {[%emt 0:00:04]} 28. Rxd8 {[%emt 0:00:15]} Bxd8 {[%emt 0:00:18]} 29. Kf1 {[%emt 0:01:07]} Be7 {[%emt 0:04:43]} 30. Ke2 {[%emt 0:01:48]} a5 {[%emt 0:07:05]} 31. bxa5 {[%emt 0:00:08]} Bxa3 {[%emt 0:00:03]} 32. Kd3 {[%emt 0:00:39]} Bb4 {[%emt 0:00:34]} 33. Ke4 {[%emt 0:00:14]} Kd6 {[%emt 0:00:15]} 34. Bc8 {[%emt 0:00:46]} Kc7 {[%emt 0:01:24]} 35. a6 {[%emt 0:00:16]} bxa6 {[%emt 0:00:06]} 36. Bxa6 {[%emt 0:00:05]} Kd6 {[%emt 0:00:03]} 37. g4 {[%emt 0:11:17]} Ke6 {[%emt 0:01:37]} 38. Bb7 {[%emt 0:06:32]} c5 {[%emt 0:00:28]} 39. Bc8+ {[%emt 0:01:28]} Kf6 {[%emt 0:01:48]} 40. Kd5 {[%emt 0:00:00]} Ba3 {[%emt 0:00:00]} 41. Bd7 {[%emt 0:01:40]} Bb4 {[%emt 0:00:05]} 42. Ba4 {[%emt 0:00:17]} Ba3 {[%emt 0:01:10]} 43. Bc2 {[%emt 0:02:39]} Bb4 {[%emt 0:00:06]} 44. Be4 {[%emt 0:01:31]} Ba3 {[%emt 0:00:20]} 45. Kd6 {[%emt 0:11:42]} Bb4 {[%emt 0:00:05]} 46. f3 {[%emt 0:02:06]} Ba3 {[%emt 0:00:11]} 47. h4 {[%emt 0:02:48]} Bb4 {[%emt 0:00:08]} 48. g5+ {[%emt 0:01:50]} hxg5 {[%emt 0:00:26]} 49. h5 {[%emt 0:00:11]} Kg7 {[%emt 0:00:16]} 50. Kxe5 {[%emt 0:00:12]} Bc3+ {[%emt 0:00:29]} 51. Kd5 {[%emt 0:00:18]} Bd4 {[%emt 0:00:02]} 1/2-1/2

[Event "IND-ch Women 2019"]
[Site "Karaikkudi"]
[Date "2019.07.22"]
[Round "6.5"]
[White "Jain Nityata"]
[Black "Pratyusha, Bodda"]
[Result "0-1"]
[WhiteElo "2135"]
[BlackElo "2265"]
[Annotator "NA"]
[PlyCount "128"]
[EventDate "2019.07.19"]
[EventType "swiss"]
[EventCountry "IND"]
[SourceTitle "playchess.com"]
[Source "ChessBase"]
[SourceQuality "1"]
[TimeControl "40/5400+30:1800+30"]

1. e4 {[%emt 0:00:00]} c5 {[%emt 0:00:01]} 2. Nf3 {[%emt 0:00:00]} d6 {[%emt 0:00:05]} 3. Bb5+ {[%emt 0:00:00]} Nd7 {[%emt 0:00:50]} 4. O-O {[%emt 0:00:00]} Ngf6 {[%emt 0:00:03]} 5. Re1 {[%emt 0:00:04]} a6 {[%emt 0:00:32]} 6. Bd3 {[%emt 0:00:06]} e6 {[%emt 0:00:24]} 7. c3 {[%emt 0:00:20]} b5 {[%emt 0:00:21]} 8. Bc2 {[%emt 0:00:40]} Bb7 {[%emt 0:02:51]} 9. d4 {[%emt 0:02:45]} cxd4 {[%emt 0:00:05]} 10. cxd4 {[%emt 0:00:07]} Be7 {[%emt 0:00:02]} 11. a3 {[%emt 0:05:30]} O-O {[%emt 0:01:03]} 12. Nc3 {[%emt 0:00:06]} Qc7 {[%emt 0:05:03]} 13. Bg5 {[%emt 0:04:02]} h6 $14 {[%emt 0:11:25]} 14. Bh4 {[%emt 0:01:56]} e5 {[%emt 0:12:01]} 15. Rc1 {[%emt 0:06:40]} Qb6 {[%emt 0:04:15]} 16. Bb3 {[%emt 0:22:46]} Rfe8 {[%emt 0:06:45]} 17. dxe5 {[%emt 0:02:51]} Nxe5 {[%emt 0:00:53]} 18. Nxe5 {[%emt 0:17:04]} dxe5 {[%emt 0:02:59]} 19. Bxf6 {[%emt 0:00:07]} Qxf6 {[%emt 0:06:47]} 20. Bd5 {[%emt 0:01:54]} Rad8 {[%emt 0:06:35]} 21. Qe2 {[%emt 0:01:02]} Bc8 {[%emt 0:02:21]} 22. Nd1 {[%emt 0:04:12]} Qg5 {[%emt 0:07:22]} 23. Ne3 {[%emt 0:01:23]} Rd6 {[%emt 0:01:12]} 24. Rc7 {[%emt 0:07:10]} Be6 {[%emt 0:08:39]} 25. Rec1 {[%emt 0:02:19]} Bxd5 {[%emt 0:03:46]} 26. Nxd5 {[%emt 0:00:23]} Bd8 {[%emt 0:01:52]} 27. Rc8 {[%emt 0:02:42]} f5 {[%emt 0:00:31]} 28. f3 {[%emt 0:03:52]} Rf8 {[%emt 0:02:12]} 29. R8c6 {[%emt 0:02:16]} fxe4 {[%emt 0:01:46]} 30. Qxe4 {[%emt 0:06:45]} Qd2 {[%emt 0:01:17]} 31. R1c5 {[%emt 0:04:17]} Rxc6 {[%emt 0:05:03]} 32. Rxc6 {[%emt 0:00:01]} Qxb2 {[%emt 0:00:10]} 33. Rxa6 {[%emt 0:00:45]} Qc1+ {[%emt 0:00:34]} 34. Kf2 {[%emt 0:00:12]} Bh4+ {[%emt 0:03:55]} 35. Qxh4 {[%emt 0:00:53]} Qd2+ {[%emt 0:00:09]} 36. Kg3 {[%emt 0:00:41]} Qxd5 {[%emt 0:01:19]} 37. Qe4 {[%emt 0:00:44]} Qxe4 {[%emt 0:02:00]} 38. fxe4 {[%emt 0:00:01]} Rf4 {[%emt 0:00:04]} 39. Rb6 {[%emt 0:00:53]} Rxe4 {[%emt 0:00:24]} 40. Rxb5 {[%emt 0:00:00]} Kf7 {[%emt 0:00:00]} 41. Kf3 {[%emt 0:04:00]} Rf4+ {[%emt 0:00:47]} 42. Ke3 {[%emt 0:00:02]} Kf6 {[%emt 0:00:29]} 43. Rb2 {[%emt 0:10:38]} Ra4 {[%emt 0:03:50]} 44. Rb3 {[%emt 0:00:27]} Kf5 {[%emt 0:00:30]} 45. Rc3 {[%emt 0:01:36]} g5 {[%emt 0:00:06]} 46. Rb3 {[%emt 0:01:14]} h5 {[%emt 0:00:05]} 47. Rc3 {[%emt 0:00:37]} g4 {[%emt 0:04:11]} 48. Rb3 {[%emt 0:01:00]} h4 {[%emt 0:00:57]} 49. Rc3 {[%emt 0:01:34]} Ra5 {[%emt 0:00:28]} 50. Rb3 {[%emt 0:00:21]} Rc5 {[%emt 0:00:25]} 51. Rd3 {[%emt 0:04:00]} Rc1 {[%emt 0:00:54]} 52. Rd8 {[%emt 0:02:33]} Re1+ {[%emt 0:00:28]} 53. Kf2 {[%emt 0:01:16]} Ra1 {[%emt 0:00:06]} 54. Rh8 {[%emt 0:06:39]} Ra2+ {[%emt 0:00:24]} 55. Kg1 {[%emt 0:00:10]} Kg5 {[%emt 0:02:57]} 56. Ra8 {[%emt 0:03:48]} Kf4 {[%emt 0:23:47]} 57. Rf8+ {[%emt 0:00:24]} Ke3 {[%emt 0:00:00]} 58. Rf1 {[%emt 0:00:33]} e4 {[%emt 0:00:00]} 59. Re1+ {[%emt 0:00:30]} Kd3 {[%emt 0:00:00]} 60. h3 {[%emt 0:00:27]} g3 {[%emt 0:00:00]} 61. Rd1+ {[%emt 0:00:22]} Ke2 {[%emt 0:00:00]} 62. Rb1 {[%emt 0:00:21]} e3 {[%emt 0:00:00]} 63. a4 {[%emt 0:00:11]} Kd2 {[%emt 0:00:00]} 64. a5 {[%emt 0:00:47]} e2 {[%emt 0:00:00]} 0-1

[Event "IND-ch Women 2019"]
[Site "Karaikkudi"]
[Date "2019.07.22"]
[Round "6.6"]
[White "Nandhidhaa, P V"]
[Black "Mrudul Dehankar"]
[Result "1-0"]
[WhiteElo "2259"]
[BlackElo "2074"]
[Annotator "NA"]
[PlyCount "71"]
[EventDate "2019.07.19"]
[EventType "swiss"]
[EventCountry "IND"]
[SourceTitle "playchess.com"]
[Source "ChessBase"]
[SourceQuality "1"]
[TimeControl "40/5400+30:1800+30"]

1. e4 {[%emt 0:00:44]} c6 {[%emt 0:00:00]} 2. d4 {[%emt 0:00:07]} d5 {[%emt 0:00:05]} 3. exd5 {[%emt 0:00:04]} cxd5 {[%emt 0:00:04]} 4. Bf4 {[%emt 0:00:06]} Nc6 {[%emt 0:00:40]} 5. c3 {[%emt 0:00:15]} Nf6 {[%emt 0:00:11]} 6. h3 {[%emt 0:01:23]} g6 {[%emt 0:02:02]} 7. Nf3 {[%emt 0:00:22]} Bg7 {[%emt 0:00:10]} 8. Be2 {[%emt 0:00:16]} O-O {[%emt 0:00:26]} 9. O-O {[%emt 0:00:12]} Nh5 {[%emt 0:06:51]} 10. Bh2 {[%emt 0:01:22]} Bh6 {[%emt 0:04:53]} 11. Re1 $14 {[%emt 0:08:21]} Bf4 {[%emt 0:18:26]} 12. Nbd2 {[%emt 0:05:32]} Bxh2+ {[%emt 0:11:42]} 13. Nxh2 {[%emt 0:01:36]} Nf4 {[%emt 0:00:46]} 14. Bf1 {[%emt 0:00:24]} Qd6 {[%emt 0:02:13]} 15. Ng4 {[%emt 0:03:00]} Rb8 {[%emt 0:05:46]} 16. Qf3 {[%emt 0:05:28]} Kg7 {[%emt 0:12:02]} 17. Ne5 {[%emt 0:07:18]} Ne6 {[%emt 0:04:08]} 18. a4 {[%emt 0:08:17]} Nc7 {[%emt 0:05:31]} 19. a5 {[%emt 0:06:21]} f6 {[%emt 0:05:30]} 20. Nxc6 {[%emt 0:04:32]} bxc6 {[%emt 0:00:02]} 21. b4 {[%emt 0:00:20]} Bf5 {[%emt 0:07:02]} 22. Re3 {[%emt 0:03:43]} Rbd8 {[%emt 0:03:44]} 23. Rae1 {[%emt 0:03:03]} Rfe8 {[%emt 0:00:06]} 24. Qe2 {[%emt 0:01:41]} Kf7 {[%emt 0:01:54]} 25. Nb3 {[%emt 0:00:41]} Bc8 {[%emt 0:01:45]} 26. Nc5 {[%emt 0:03:55]} e6 {[%emt 0:00:24]} 27. h4 {[%emt 0:04:26]} h6 {[%emt 0:02:52]} 28. h5 {[%emt 0:02:55]} g5 {[%emt 0:00:20]} 29. Qc2 {[%emt 0:01:00]} f5 {[%emt 0:01:14]} 30. Re5 {[%emt 0:01:22]} Rf8 {[%emt 0:01:37]} 31. g4 {[%emt 0:01:55]} Ne8 {[%emt 0:01:21]} 32. Nxe6 {[%emt 0:09:56]} Bxe6 {[%emt 0:00:31]} 33. gxf5 {[%emt 0:00:33]} Bc8 {[%emt 0:01:05]} 34. f6 {[%emt 0:00:17]} Qxf6 {[%emt 0:00:33]} 35. Re7+ {[%emt 0:00:57]} Qxe7 {[%emt 0:00:33]} 36. Qg6# {[%emt 0:00:06]} 1-0

[Event "IND-ch Women 2019"]
[Site "Karaikkudi"]
[Date "2019.07.22"]
[Round "6.7"]
[White "Thipsay, Bagyashree Sathe"]
[Black "Michelle Catherina, P."]
[Result "0-1"]
[WhiteElo "2093"]
[BlackElo "2226"]
[Annotator "NA"]
[PlyCount "106"]
[EventDate "2019.07.19"]
[EventType "swiss"]
[EventCountry "IND"]
[SourceTitle "playchess.com"]
[Source "ChessBase"]
[SourceQuality "1"]
[TimeControl "40/5400+30:1800+30"]

1. e4 {[%emt 0:00:52]} e5 {[%emt 0:02:11]} 2. Nf3 {[%emt 0:00:07]} Nc6 {[%emt 0:00:04]} 3. Bc4 {[%emt 0:00:05]} Nf6 {[%emt 0:00:04]} 4. d3 {[%emt 0:00:05]} h6 {[%emt 0:00:05]} 5. O-O {[%emt 0:07:01]} d6 {[%emt 0:00:06]} 6. c3 {[%emt 0:02:02]} g6 {[%emt 0:00:24]} 7. Re1 {[%emt 0:02:44]} Bg7 {[%emt 0:00:22]} 8. Nbd2 {[%emt 0:04:19]} O-O {[%emt 0:01:13]} 9. Bb3 {[%emt 0:03:45]} Re8 $11 {[%emt 0:08:30]} 10. h3 {[%emt 0:09:15]} Be6 {[%emt 0:05:39]} 11. Ba4 {[%emt 0:11:18]} Nd7 {[%emt 0:08:50]} 12. Nf1 {[%emt 0:07:30]} Nb6 {[%emt 0:04:38]} 13. Bc2 {[%emt 0:01:45]} d5 {[%emt 0:04:50]} 14. Ne3 {[%emt 0:11:26]} f5 {[%emt 0:06:43]} 15. exd5 {[%emt 0:09:00]} Nxd5 {[%emt 0:05:14]} 16. Bb3 {[%emt 0:08:22]} Kh7 {[%emt 0:06:46]} 17. d4 {[%emt 0:03:31]} e4 {[%emt 0:11:44]} 18. Nd2 {[%emt 0:02:10]} Bg8 {[%emt 0:07:37]} 19. Nxd5 {[%emt 0:04:48]} Bxd5 {[%emt 0:00:02]} 20. Nf1 {[%emt 0:00:10]} b6 {[%emt 0:05:12]} 21. f3 {[%emt 0:01:16]} Na5 {[%emt 0:07:01]} 22. Bxd5 {[%emt 0:02:38]} Qxd5 {[%emt 0:00:07]} 23. Ne3 {[%emt 0:03:10]} Qd7 {[%emt 0:04:17]} 24. f4 {[%emt 0:00:27]} Rad8 {[%emt 0:03:11]} 25. Qe2 {[%emt 0:00:23]} c5 {[%emt 0:02:45]} 26. d5 {[%emt 0:01:15]} c4 {[%emt 0:01:36]} 27. Rd1 {[%emt 0:00:12]} b5 {[%emt 0:01:07]} 28. Nc2 {[%emt 0:00:23]} Qf7 {[%emt 0:01:29]} 29. Be3 {[%emt 0:00:51]} Rxd5 {[%emt 0:00:45]} 30. Rxd5 {[%emt 0:00:48]} Qxd5 {[%emt 0:00:01]} 31. Bxa7 {[%emt 0:00:44]} Qd3 {[%emt 0:01:04]} 32. Kf1 {[%emt 0:00:06]} Nc6 {[%emt 0:01:19]} 33. Be3 {[%emt 0:00:09]} Ra8 {[%emt 0:00:56]} 34. a3 {[%emt 0:00:31]} b4 {[%emt 0:00:31]} 35. cxb4 {[%emt 0:02:40]} Bxb2 {[%emt 0:00:16]} 36. Rd1 {[%emt 0:00:01]} Qb3 {[%emt 0:00:44]} 37. Rd6 {[%emt 0:01:08]} Rc8 {[%emt 0:00:29]} 38. Qd1 {[%emt 0:00:57]} Bg7 {[%emt 0:00:34]} 39. Rd7 {[%emt 0:00:15]} Rd8 {[%emt 0:00:28]} 40. Rxd8 {[%emt 0:00:00]} Nxd8 {[%emt 0:00:00]} 41. b5 {[%emt 0:10:22]} Nb7 {[%emt 0:09:34]} 42. b6 {[%emt 0:01:06]} c3 {[%emt 0:03:14]} 43. Kf2 {[%emt 0:03:10]} Na5 {[%emt 0:03:34]} 44. Qe2 {[%emt 0:03:26]} Nc4 {[%emt 0:07:21]} 45. Nb4 {[%emt 0:05:43]} Nxe3 {[%emt 0:03:19]} 46. Qxe3 {[%emt 0:00:23]} Qxa3 {[%emt 0:02:08]} 47. Qc5 {[%emt 0:02:51]} c2 {[%emt 0:01:27]} 48. Qxc2 {[%emt 0:00:07]} Qxb4 {[%emt 0:00:14]} 49. Qc7 {[%emt 0:00:06]} Qd2+ {[%emt 0:02:36]} 50. Kg3 {[%emt 0:00:08]} e3 {[%emt 0:00:21]} 51. b7 {[%emt 0:00:59]} e2 {[%emt 0:00:06]} 52. b8=Q {[%emt 0:00:06]} e1=Q+ {[%emt 0:00:11]} 53. Kh2 {[%emt 0:00:05]} Qe4 {[%emt 0:01:12]} 0-1